| Tag |
First Indicator |
Second Indicator |
Subfields |
| LEADER |
00000cam a22000005i 4500 |
| 001 |
in00000040104 |
| 005 |
20190207093409.0 |
| 008 |
780818s1977 txub b 00110 eng d |
| 035 |
|
|
|a (OCoLC)04151178
|
| 035 |
|
|
|9 AAE4187AM
|
| 040 |
|
|
|a TWB
|c TWB
|d TXA
|d UtOrBLW
|
| 049 |
|
|
|a TXAS
|c [1700047]
|
| 090 |
|
|
|a CD3537.H3
|b M67
|
| 092 |
|
|
|a 016.976
|b I62m
|
| 100 |
1 |
|
|a Morris, C. Gwin
|q (Clovis Gwin),
|d 1941-
|
| 245 |
1 |
0 |
|a Inventory of county records, Hale County courthouse, Plainview, Texas /
|c compiled by C. Gwin Morris ; with the assistance of Jim Case [and others].
|
| 264 |
|
1 |
|a Denton :
|b Texas County Records Inventory Project, North Texas State University,
|c 1977.
|
| 300 |
|
|
|a xiv, 203 pages :
|b map ;
|c 28 cm.
|
| 336 |
|
|
|a text
|b txt
|2 rdacontent
|
| 337 |
|
|
|a unmediated
|b n
|2 rdamedia
|
| 338 |
|
|
|a volume
|b nc
|2 rdacarrier
|
| 500 |
|
|
|a The Cushing Library/Chapman Texas Collection copy is part of the Floyd & Louise Chapman Texas & Borderlands Collection.
|5 TXA
|
| 500 |
|
|
|a Includes index.
|
| 651 |
|
0 |
|a Hale County (Tex.)
|x History
|x Sources
|x Bibliography.
|
| 651 |
|
0 |
|a Texas
|x History, Local
|x Sources
|x Bibliography.
|
| 710 |
2 |
|
|a North Texas State University.
|b Center for Community Services.
|
| 710 |
2 |
|
|a Regional Historical Resource Depository Program (Tex.)
|
| 999 |
|
|
|a MARS
|
| 999 |
f |
f |
|s 00e32993-531d-3c67-b8a2-cb39b7c3fcbc
|i 0ce30109-c423-3821-bc05-6b061d55ccec
|t 0
|
| 952 |
f |
f |
|p noncirc
|a Texas A&M University
|b College Station
|c Cushing Memorial Library & Archives
|d Cushing: Chapman Texas Collection (Does not check out)
|t 0
|e CD3537.H3 M67
|h Library of Congress classification
|i unmediated -- volume
|m A14853163929
|
| 998 |
f |
f |
|a CD3537.H3 M67
|t 0
|l Cushing: Chapman Texas Collection (Does not check out)
|